Advance in manfacturing technology VI : proceedings on the seventh naional conference on production research (Record no. 1930)

000 -LEADER
fixed length control field 00756nam a22002057a 4500
003 - CONTROL NUMBER IDENTIFIER
control field OSt
005 - DATE AND TIME OF LATEST TRANSACTION
control field 20150909145307.0
008 - FIXED-LENGTH DATA ELEMENTS--GENERAL INFORMATION
fixed length control field 150810b xxu||||| |||| 00| 0 eng d
020 ## - INTERNATIONAL STANDARD BOOK NUMBER
International Standard Book Number 00900458461
050 ## - LIBRARY OF CONGRESS CALL NUMBER
Classification number TS176.N377 1991
100 ## - MAIN ENTRY--PERSONAL NAME
Personal name Spurgeon, Derek (ed)
111 ## - MAIN ENTRY--MEETING NAME
Meeting name or jurisdiction name as entry element National conference on production esearch
Location of meeting Hatfield polytechnic
Date of meeting September 1991
245 ## - TITLE STATEMENT
Title Advance in manfacturing technology VI : proceedings on the seventh naional conference on production research
Statement of responsibility, etc edited by Derek Spurgeon and Olofunso Apampa
260 ## - PUBLICATION, DISTRIBUTION, ETC. (IMPRINT)
Place of publication, distribution, etc London
Name of publisher, distributor, etc Hartfield polytechnic
Date of publication, distribution, etc 1991
300 ## - PHYSICAL DESCRIPTION
Extent 498p
Other physical details ill
504 ## - BIBLIOGRAPHY, ETC. NOTE
Bibliography, etc includes bibliographical reference and index
650 ## - SUBJECT ADDED ENTRY--TOPICAL TERM
Topical term or geographic name as entry element manufacturing technology
650 ## - SUBJECT ADDED ENTRY--TOPICAL TERM
Topical term or geographic name as entry element production research
942 ## - ADDED ENTRY ELEMENTS (KOHA)
Source of classification or shelving scheme
Koha item type Book
Holdings
Withdrawn status Lost status Source of classification or shelving scheme Damaged status Not for loan Home library Current library Shelving location Date acquired Total Checkouts Full call number Barcode Date last seen Copy number Price effective from Koha item type
          Riara University Library Riara University Library General stack 10/08/2015   TS176.N377 1991 6349/15 09/09/2015 C.1 10/08/2015 Book

Riara University Library,
P.O. Box 49940-00100,
Nairobi, Kenya.